| 000 | 00476cam a2200181ua 4500 | ||
|---|---|---|---|
| 020 | _a0 02 388631 5 | ||
| 041 |
_aeng _h |
||
| 082 |
_a005.133 _bNYH/FO |
||
| 100 | _aNyhoff, Larry . | ||
| 245 |
_aFORTRAN 77 for engineers and scientists / _cLarry Nyhoff. _hTextual Documents |
||
| 250 |
_a2 / _b. |
||
| 260 |
_aNewyork : _bMacmillan publishing co. , _c1988. |
||
| 300 | _a590 ; . | ||
| 504 | _a | ||
| 700 | 1 | _aLeestma, Sanford . | |
| 942 | _cBK | ||
| 999 |
_c9510 _d9510 |
||